[Event "25th Open Pula"]
[Site "Pula CRO"]
[Date "2011.06.23"]
[Round "7.25"]
[White "Franic,M"]
[Black "Muskardin,M"]
[Result "1/2-1/2"]
[WhiteElo "2381"]
[BlackElo "2215"]

1.d4 Nf6 2.c4 e6 3.Nf3 Bb4+ 4.Bd2 a5 5.g3 b6 6.Bg2 Bb7 7.O-O O-O 8.Bf4 Be7
9.Qc2 Ne4 10.d5 exd5 11.cxd5 Bxd5 12.Bxc7 Qc8 13.Qd3 Qb7 14.Bxb6 Qxb6 15.Qxd5 Nxf2
16.Qb3 Nh3+ 17.Kh1 Nf2+ 18.Kg1 Nh3+ 19.Kh1 Nf2+ 20.Kg1 Nh3+  1/2-1/2

[Event "25th Open Pula"]
[Site "Pula CRO"]
[Date "2011.06.24"]
[Round "8.7"]
[White "Bodiroga,P"]
[Black "Tratar,M"]
[Result "1/2-1/2"]
[WhiteElo "2384"]
[BlackElo "2489"]

1.d4 Nf6 2.c4 e6 3.Nf3 Bb4+ 4.Bd2 a5 5.Nc3 d6 6.Qc2 Nbd7 7.g4 h6 8.Rg1 Qe7
9.O-O-O b6 10.Nb5 Nf8 11.a3 Bxd2+ 12.Nxd2 c6 13.Bg2 Bb7 14.Nc3 Ng6 15.e3  1/2-1/2

[Event "61st ch-RUS HL w"]
[Site "Taganrog RUS"]
[Date "2011.06.26"]
[Round "9"]
[White "Gunina,V"]
[Black "Kovanova,B"]
[Result "0-1"]
[WhiteElo "2487"]
[BlackElo "2361"]

1.d4 Nf6 2.Nf3 e6 3.c4 Bb4+ 4.Bd2 Bxd2+ 5.Qxd2 d5 6.Nc3 O-O 7.e3 b6 8.Rc1 Bb7
9.cxd5 exd5 10.Bd3 Nbd7 11.O-O c5 12.Bf5 Ne4 13.Qc2 Ndf6 14.dxc5 Nxc5 15.b4 Nce4
16.Nd4 Qe7 17.Nxe4 dxe4 18.Qc7 Rfe8 19.b5 g6 20.Bh3 Nd5 21.Qxe7 Rxe7 22.Rfd1 Nb4
23.a4 a5 24.Nc6 Bxc6 25.bxc6 Rc7 26.Rd6 Nd3 27.Rb1 Rb8 28.f4 Nc5 29.g4 Nxa4
30.f5 b5 31.Rbd1 Nc3 32.R1d2 b4 33.f6 h6 34.g5 hxg5 35.Be6 Kh7 36.Rd7 Rxc6
37.Rxf7+ Kh6 38.Rdd7 g4 39.Rh7+ Kg5 40.Rde7 Kxf6 41.Rhf7+ Kg5 42.Kg2 b3 43.Bxg4 b2
44.h4+ Kxh4 45.Re5 Rb5 46.Re8 b1=Q 47.Rf4 Kg5  0-1

[Event "7th Lazy Open"]
[Site "Lazy POL"]
[Date "2011.06.30"]
[Round "6.9"]
[White "Gralka,J"]
[Black "Zakoscielna,K"]
[Result "0-1"]
[WhiteElo "2282"]
[BlackElo "2135"]

1.d4 Nf6 2.c4 e6 3.Nf3 Bb4+ 4.Bd2 a5 5.g3 O-O 6.Bg2 d5 7.Qc2 Nc6 8.O-O Ne4
9.Be3 Be7 10.Nc3 Nb4 11.Qb1 Nf6 12.a3 Nc6 13.Qa2 Na7 14.Ne5 c6 15.Rfd1 Nd7
16.Nd3 b6 17.b4 Ba6 18.Nb2 axb4 19.axb4 Bxb4 20.Nxd5 exd5 21.Qxa6 Nf6 22.Nd3 Ba5
23.Ne5 Qc7 24.cxd5 Nb5 25.d6 Qb8 26.Rxa5 Rxa6 27.Rxa6 Nc3 28.Rda1 Qxd6 29.Nxc6 Nfd5
30.Ne5 Nxe2+ 31.Kf1 Nec3 32.Bd2 f6 33.Nc4 Qc7 34.Ne3 Nxe3+ 35.fxe3 h5 36.Bf3 Nb5
37.Ra8 Qc4+ 38.Ke1 Rxa8 39.Rxa8+ Kh7 40.Be4+ g6 41.Rb8 f5 42.Rb7+ Kg8 43.Bf3 Qe6
44.Kd1 Qb3+ 45.Ke2 Nd6 46.Re7 Kf8 47.Rd7 Qb5+  0-1

[Event "Krapina Open"]
[Site "Krapina CRO"]
[Date "2011.07.01"]
[Round "2.7"]
[White "Tretinjak,D"]
[Black "Turk,K"]
[Result "0-1"]
[WhiteElo "1824"]
[BlackElo "2046"]

1.d4 Nf6 2.c4 e6 3.Nf3 Bb4+ 4.Bd2 Bxd2+ 5.Nbxd2 b6 6.g3 Bb7 7.Bg2 O-O 8.O-O d6
9.Re1 Nbd7 10.e4 e5 11.d5 Ng4 12.Nh4 Nh6 13.Bh3 Bc8 14.Nf5 Nxf5 15.Bxf5 g6
16.Bh3 Nc5 17.Bxc8 Qxc8 18.Nf3 f5 19.exf5 Qxf5 20.b4 Qxf3 21.Qxf3 Rxf3 22.bxc5 bxc5
23.Rab1 Rc3 24.Re4 Ra3 25.Rb2 a5 26.Re3 Ra4 27.Re4 Rb4 28.Rbe2 a4 29.f4 exf4
30.Rxf4 Rf8 31.Rfe4 a3 32.R2e3 Rb1+ 33.Kg2 Rb2+ 34.Re2 Rfb8 35.Kf3 Rxe2 36.Rxe2 Rb2
37.Re8+ Kf7 38.Ra8 Rxa2 39.Ke3 Kf6 40.Kd3 h5 41.Kc3 Rxh2 42.Rxa3 Rg2 43.Ra7 Rxg3+
44.Kd2 h4 45.Rxc7 g5 46.Rd7 Ke5 47.Re7+ Kd4 48.Re6 h3  0-1

[Event "7th A Ermaka Memorial"]
[Site "Zaporizhzhia UKR"]
[Date "2011.07.01"]
[Round "9.3"]
[White "Matjushin,G"]
[Black "Jarovinsky,A"]
[Result "1-0"]
[WhiteElo "2477"]
[BlackElo "2309"]

1.Nf3 Nf6 2.d4 e6 3.c4 Bb4+ 4.Bd2 a5 5.g3 d5 6.Qc2 c5 7.dxc5 d4 8.Bg2 Nc6
9.O-O Bxc5 10.Bg5 O-O 11.Nbd2 e5 12.Bxf6 Qxf6 13.Ne4 Qe7 14.Nxc5 Qxc5 15.Ng5 g6
16.Ne4 Qe7 17.c5 Bf5 18.Qb3 a4 19.Qa3 Bxe4 20.Bxe4 f5 21.Bd5+ Kh8 22.Rac1 Rfd8
23.Bxc6 bxc6 24.Rc4 Rd5 25.Rfc1 Qa7 26.Rb4 e4 27.Rd1 Qxc5 28.Rdxd4 Rad8 29.e3 h5
30.Qxa4 h4 31.Kg2 Qc1 32.Rxd5 h3+ 33.Kxh3 Qf1+ 34.Kh4 cxd5 35.Rb7 g5+ 36.Kxg5 Rg8+
37.Kf6 Rf8+ 38.Rf7 Rc8 39.Rh7+ Kg8 40.Qd7  1-0

[Event "Nova College Chess Tournament"]
[Site "Haarlem NED"]
[Date "2011.07.03"]
[Round "6"]
[White "Ikonnikov,Vy"]
[Black "Van der Lende,I"]
[Result "1/2-1/2"]
[WhiteElo "2553"]
[BlackElo "2141"]

1.d4 Nf6 2.Nf3 e6 3.c4 Bb4+ 4.Bd2 Qe7 5.g3 Nc6 6.Bg2 Bxd2+ 7.Nbxd2 d6 8.O-O a5
9.e4 e5 10.d5 Nb8 11.Ne1 O-O 12.Nd3 Na6 13.Qa4 b6 14.Rae1 Bd7 15.Qc2 Nb4
16.Qb3 Ba4 17.Qa3 Nxd3 18.Qxd3 Nd7 19.Qc3 Nc5 20.a3 Bd7 21.b4 axb4 22.axb4 Na4
23.Qc2 b5 24.Ra1 c5 25.Rfb1 Rfc8 26.Bf1 Qe8 27.Qb3 g6 28.cxb5 Bxb5 29.Bxb5 Qxb5
30.Nc4 Rd8 31.Na5 Nb6 32.bxc5 Qxb3 33.Nxb3 dxc5 34.Nxc5 Rxa1 35.Rxa1 Rc8
36.Nd3 f5 37.f3 Nd7 38.Nf2 Nf6 39.Ra6 Kf7 40.Ra7+ Kf8 41.Ra6 Kf7 42.Nd3 fxe4
43.Nxe5+ Kg7 44.Ra7+ Kg8 45.d6 exf3 46.d7 Rf8 47.Rc7 f2+ 48.Kf1 Nd5 49.Nf7 Nxc7  1/2-1/2

[Event "86th ch-Paris IdF"]
[Site "Paris FRA"]
[Date "2011.07.03"]
[Round "2.2"]
[White "David,Alb"]
[Black "Zysk,R"]
[Result "1/2-1/2"]
[WhiteElo "2609"]
[BlackElo "2437"]

1.d4 Nf6 2.c4 e6 3.Nf3 Bb4+ 4.Bd2 Bxd2+ 5.Qxd2 O-O 6.Nc3 d5 7.e3 Qe7 8.Rc1 c6
9.Qc2 Nbd7 10.cxd5 exd5 11.Bd3 Re8 12.O-O Nf8 13.Qb1 Ng6 14.b4 a6 15.a4 Bg4
16.Nd2 Nh4 17.Rfe1 Qd7 18.Ne2 Bxe2 19.Bxe2 Ne4 20.Nxe4 Rxe4 21.b5 axb5 22.axb5 Rg4
23.g3 Rg6 24.Kh1 Nf5 25.bxc6 bxc6 26.Bd3 Rf6 27.Re2 g6 28.Kg1 Re8 29.Rb2 Nd6
30.Rb8 Rxb8 31.Qxb8+ Kg7 32.Ra1 Qc8 33.Qxc8 Nxc8 34.Ra8 Ne7 35.Rd8 h5 36.Kg2 Nf5
37.Rc8 Ne7 38.Rc7 Re6 39.h3 Kf8 40.Ra7 Rd6 41.Ra8+ Kg7 42.Ra7 Kf6 43.g4 hxg4
44.hxg4 Ke6 45.Ra8 Rd7 46.g5 Rc7 47.Kg3 Rc8 48.Ra6 Rb8 49.Be2 f6 50.gxf6 Kxf6
51.Bg4 Rb2 52.Bd7 Rc2 53.Kf3 Kg5 54.Rb6 Kf6 55.Rb8 c5 56.Rb6+ Kg7 57.Ba4 Rc3
58.dxc5 Rxc5 59.Be8 Rc8 60.Bd7 Rd8 61.Rb7 Kf6 62.Kf4 Rf8 63.Bg4 g5+ 64.Kg3 Nf5+
65.Kg2 Rd8 66.Rb5 Rd6 67.Kf1 Ne7 68.Ke2 Nc6 69.Bf3 Ke6 70.Bg2 Ne5 71.f4 gxf4
72.exf4 Nc6 73.Ke3 Ne7 74.Bh3+ Kf6 75.Rb8 Rc6 76.Bd7 Rc3+ 77.Ke2 Ng6 78.Rb6+ Ke7
79.Rxg6  1/2-1/2

[Event "1st ch-CHN Rap w Prelim"]
[Site "Hefei CHN"]
[Date "2011.07.04"]
[Round "5"]
[White "Tan Zhongyi"]
[Black "Zhao Xue"]
[Result "1/2-1/2"]
[WhiteElo "2396"]
[BlackElo "2470"]

1.d4 Nf6 2.c4 e6 3.Nf3 Bb4+ 4.Bd2 a5 5.g3 b6 6.Bg2 Bb7 7.O-O O-O 8.Nc3 Bxc3
9.Bxc3 d6 10.Rc1 Nbd7 11.b3 Qe7 12.Bb2 c5 13.e3 Rfd8 14.Qe2 a4 15.Rfd1 h6
16.Bc3 Ne4 17.Be1 d5 18.Ne5 Ndf6 19.Rb1 Qc7 20.Qc2 Rdc8 21.Rdc1 axb3 22.Qxb3 cxd4
23.exd4 dxc4 24.Rxc4 Qd8 25.Rxc8 Qxc8 26.Qxb6 Bd5 27.Nd3 Nd7 28.Qb4 Qa6 29.Rd1 Qxa2
30.Nf4 Rb8 31.Qe7 Qc2 32.Ra1 Rb1 33.Rxb1 Qxb1 34.Qb4 Qxb4 35.Bxb4 Nef6 36.Nxd5  1/2-1/2

[Event "Karvina Open"]
[Site "Karvina CZE"]
[Date "2011.07.04"]
[Round "3.14"]
[White "Jaworski,Mi"]
[Black "Kozel,Ji"]
[Result "1-0"]
[WhiteElo "2337"]
[BlackElo "1920"]

1.d4 Nf6 2.Nf3 e6 3.c4 Bb4+ 4.Bd2 c5 5.Bxb4 cxb4 6.g3 O-O 7.Bg2 d6 8.O-O Qc7
9.Qd3 Nbd7 10.Nbd2 Re8 11.Ne1 e5 12.e3 Nb6 13.Nc2 e4 14.Nxe4 Nxe4 15.Bxe4 Qxc4
16.Bxh7+ Kh8 17.Qxc4 Nxc4 18.Bd3 Nd2 19.Rfd1 Nf3+ 20.Kg2 Bg4 21.Rdc1 a5 22.h3 Bh5
23.g4 Bg6 24.Bxg6 Nh4+ 25.Kg3 Nxg6 26.Ne1 Rac8 27.Nd3 b5 28.Rxc8 Rxc8 29.Rc1 Rc4
30.Kf3 d5 31.Ke2 Kh7 32.b3 Rc3 33.Rxc3 bxc3 34.b4 a4 35.Ne1 Kh6 36.Kd3 Kg5
37.Nf3+ Kf6 38.Kxc3 Ne7 39.h4 Nc8 40.Ne5 Nd6 41.f3 Ke6 42.Nd3 Nc4 43.Nf4+ Kd6
44.e4 dxe4 45.fxe4 f6 46.Nh5 g5 47.hxg5 fxg5 48.Nf6 Ne3 49.Kd3 Nd1 50.e5+ Ke6
51.Ne4 Kd5 52.Nc3+  1-0

[Event "9th Niki Open"]
[Site "Nachod CZE"]
[Date "2011.07.04"]
[Round "3.8"]
[White "Adamek,J"]
[Black "Masak,P"]
[Result "1-0"]
[WhiteElo "2289"]
[BlackElo "2138"]

1.d4 Nf6 2.Nf3 e6 3.c4 Bb4+ 4.Bd2 Qe7 5.g3 b6 6.Bg2 Bb7 7.O-O Bxd2 8.Nbxd2 O-O
9.Qc2 c5 10.e4 d6 11.e5 Nfd7 12.exd6 Qxd6 13.Ng5  1-0

[Event "XIII Open"]
[Site "Torredembarra ESP"]
[Date "2011.07.05"]
[Round "4"]
[White "Genov,Peta"]
[Black "Alvarez Pedraza,A"]
[Result "1-0"]
[WhiteElo "2428"]
[BlackElo "2551"]

1.d4 Nf6 2.c4 e6 3.Nf3 Bb4+ 4.Bd2 c5 5.Bxb4 cxb4 6.g3 O-O 7.Bg2 d6 8.O-O a5
9.a3 Na6 10.axb4 Nxb4 11.Nc3 b6 12.Nd2 d5 13.Re1 Ba6 14.cxd5 Nfxd5 15.Nxd5 exd5
16.Nb1 Rc8 17.Nc3 Re8 18.Bf1 Qd7 19.e3 Bc4 20.Rc1 Rc6 21.Qd2 Rh6 22.Nd1 Bxf1
23.Rxf1 Qf5 24.f3 Rhe6 25.Rc3 h5 26.Kg2 Rf6 27.Qe2 Na2 28.Ra3 Rc8 29.Rf2 Nc1
30.Qd2 Rfc6 31.Nc3 Nd3 32.Nxd5 Qxd5 33.Qxd3 h4 34.g4 Rg6 35.e4 Qd6 36.Kh3 Rc1
37.Rc3 Rg1 38.e5 Qd5 39.Qc4 Qxc4 40.Rxc4 Rd1 41.Rc8+ Kh7 42.Rd8 Re6 43.Kxh4 Rxe5
44.dxe5 Rxd8 45.f4 Rd4 46.Kg5 Re4 47.Rd2 a4 48.h4 b5 49.h5 b4 50.Rd7 Kg8
51.Ra7 b3 52.Ra8+ Kh7 53.Kf5 Rc4 54.Ra7 Rb4 55.g5 Kg8 56.Ra8+  1-0

[Event "6th Polonia Wroclaw Open A"]
[Site "Wroclaw POL"]
[Date "2011.07.05"]
[Round "3"]
[White "Stachowiak,K"]
[Black "Shkapenko,P"]
[Result "1-0"]
[WhiteElo "2436"]
[BlackElo "2413"]

1.d4 Nf6 2.Nf3 e6 3.c4 Bb4+ 4.Bd2 Qe7 5.g3 Nc6 6.Bg2 Bxd2+ 7.Nbxd2 d6 8.O-O a5
9.e4 e5 10.d5 Nb8 11.Ne1 O-O 12.Nd3 Na6 13.Qc2 c6 14.dxc6 bxc6 15.c5 Nxc5
16.Nxc5 dxc5 17.Rfc1 Rd8 18.Nb3 Be6 19.Nxc5 Rd4 20.Nxe6 Qxe6 21.f3 h5 22.Bf1 h4
23.Qxc6 Qxc6 24.Rxc6 hxg3 25.hxg3 Rd2 26.Rac1 Rxb2 27.R1c2 Rab8 28.a4 Rxc2
29.Rxc2 Rb4 30.Bb5 g5 31.g4 Nh7 32.Rc5 f6 33.Bc4+ Kg7 34.Rc7+ Kh6 35.Be6 Nf8
36.Bf5 Ng6 37.Rf7 Rb6 38.Kf2 Rc6 39.Ke2 Rd6 40.Ke3 Rc6 41.Kd2 Rd6+ 42.Kc3 Rc6+
43.Kb3  1-0

[Event "5th Varna Open"]
[Site "Golden Sands BUL"]
[Date "2011.07.08"]
[Round "7"]
[White "Kostadinov,T"]
[Black "Spassov,L"]
[Result "1/2-1/2"]
[WhiteElo "2217"]
[BlackElo "2379"]

1.c4 e6 2.d4 Nf6 3.Nf3 Bb4+ 4.Bd2 a5 5.a3 Be7 6.Nc3 d5 7.Bf4 O-O 8.e3 b6
9.Bd3 Bb7 10.h3 Nbd7 11.cxd5 exd5 12.Nb5 c5 13.O-O Ne4 14.Nd2 Nxd2 15.Qxd2 c4
16.Be2 Bc6 17.Nc3 b5 18.e4 Nb6 19.exd5 Nxd5 20.Nxd5 Bxd5 21.Rac1 Rc8 22.Ra1 Qb6
23.Rfc1 Rfd8 24.Qe3 Bf6 25.Be5 Bxe5 26.Qxe5 Be6 27.Rd1 Rd5 28.Qe3 Rd6 29.Rd2 h6
30.Rad1 Bd5 31.Bg4 Rcd8 32.Re2 Qc6 33.f3 Be6 34.Qf4 Bxg4 35.hxg4 R6d7 36.Re5 Qb6
37.Re4 b4 38.axb4 axb4 39.Kh2 c3 40.bxc3 bxc3 41.Rc1 Rxd4 42.Re3  1/2-1/2

[Event "10th La Fere Open"]
[Site "La Fere FRA"]
[Date "2011.07.09"]
[Round "9.29"]
[White "Benkirane,Nabil"]
[Black "Oprandi,W"]
[Result "0-1"]
[WhiteElo "1560"]
[BlackElo "1779"]

1.d4 Nf6 2.c4 e6 3.Nf3 Bb4+ 4.Bd2 Qe7 5.Nc3 c5 6.d5 d6 7.Qc2 O-O 8.dxe6 fxe6
9.e3 b6 10.Bd3 Bb7 11.h4 Bxc3 12.Bxc3 e5 13.e4 Nc6 14.O-O-O Nd4 15.Nxd4 cxd4
16.Bd2 Nd7 17.Bg5 Qe8 18.g4 Nc5 19.h5 Qa4 20.Qxa4 Nxa4 21.Bh4 Nc5 22.Rhe1 Rf7
23.Bc2 Kf8 24.b4 Ne6 25.Rf1 Rc8 26.Kb2 Rf3 27.Rfe1 Rxc4 28.a3 Nf4 29.Bg3 Rcc3
30.Bxf4 exf4 31.Bb3 Rxf2+  0-1

[Event "ch-Central Serbia Int Open A"]
[Site "Paracin SRB"]
[Date "2011.07.09"]
[Round "3.7"]
[White "Doric,D"]
[Black "Nestorovic,De"]
[Result "1-0"]
[WhiteElo "2491"]
[BlackElo "2404"]

1.d4 Nf6 2.c4 e6 3.Nf3 Bb4+ 4.Bd2 Qe7 5.g3 O-O 6.Bg2 d5 7.O-O Bxd2 8.Qxd2 Rd8
9.Rc1 c6 10.Qe3 b6 11.Nbd2 Bb7 12.Ne5 Na6 13.Nb3 Rac8 14.c5 Nd7 15.Nxd7 Qxd7
16.a4 bxc5 17.Nxc5 Nxc5 18.Rxc5 Rb8 19.Qc3 Ba8 20.b4 a6 21.e3 Bb7 22.Bf1 h6
23.Rc1 Qe7 24.Bd3 Ra8 25.Bc2 Qf6 26.a5 Rac8 27.Ba4 Rd6 28.b5 axb5 29.Bxb5 Ra8
30.Bf1 Qd8 31.Rb1 Ba6 32.Rb6 Bxf1 33.Kxf1 g6 34.Qb4 Kg7 35.a6 Qc8 36.Qa4 Rd7
37.Rcxc6 Qd8 38.Kg2 h5 39.h4 Rc7 40.Rxc7 Qxc7 41.Rb7 Qc8 42.Qb5 Qc2 43.Qd7 Qe4+
44.Kg1  1-0

[Event "Lev Polugaevsky Mem"]
[Site "Samara RUS"]
[Date "2011.07.09"]
[Round "5"]
[White "Baraeva,M"]
[Black "Belova,O"]
[Result "1/2-1/2"]
[WhiteElo "2197"]
[BlackElo "1976"]

1.d4 Nf6 2.c4 e6 3.Nf3 Bb4+ 4.Bd2 Qe7 5.g3 Nc6 6.Bg2 Bxd2+ 7.Nbxd2 d6 8.O-O O-O
9.e4 a5 10.Qe2 e5 11.d5 Nb8 12.Nh4 Na6 13.b3 c6 14.Rfe1 cxd5 15.cxd5 Nc5
16.Nc4 Qd8 17.Rac1 Re8 18.Qc2 Na6 19.a3 b5 20.Ne3 g6 21.Qc6 Rb8 22.Qc2 Bd7
23.Nf3 Nc5 24.Nd2 Rc8 25.Qb1 Qb6 26.Rc3 Rc7 27.Rec1 Rec8 28.b4 axb4 29.axb4 Na4
30.Rxc7 Rxc7 31.Nb3 Nc3 32.Qd3 Na4 33.Rc2 Qb8 34.Bf1 Qc8 35.Rxc7 Qxc7 36.f3 Ne8
37.Na5 Qc1 38.Nc6 Nc7 39.Nc2 Bh3 40.Ne3 Nb6 41.Kf2 Bxf1 42.Qxf1 Qc3 43.Qe1 Qb2+
44.Qe2 Qc3 45.Qc2 Qxc2+ 46.Nxc2 f5 47.Na3 Nc8 48.Ke3 Kf7 49.Nb1 g5 50.f4 Kf6
51.Nc3 h6 52.Kf3 h5 53.h4 g4+ 54.Ke3 fxe4 55.Kxe4 exf4 56.Kxf4 Nb6 57.Ke4 Na4
58.Ne2 Nb6 59.Nf4 Kf7 60.Nd8+ Ke7 61.Nde6 Nxe6 62.Nxe6 Na4 63.Nf4 Nc3+ 64.Kf5 Na2
65.Kg5 Nxb4 66.Kxh5 Nc2 67.Kg6 Ne1 68.h5 b4 69.h6 b3 70.Ne2 b2 71.Nc3 Nd3
72.h7 Ne5+ 73.Kg7 Nf7 74.Nb1 Ke8 75.h8=Q+ Nxh8 76.Kxh8 Kf7 77.Kh7 Kf6 78.Kh6 Ke5
79.Kg5 Kxd5 80.Kxg4 Ke4 81.Kh5 Kd3 82.g4 Kc2 83.Na3+ Kb3 84.Nb1 Kc2  1/2-1/2

[Event "Oberwart Open"]
[Site "Oberwart AUT"]
[Date "2011.07.10"]
[Round "2.5"]
[White "Hera,I"]
[Black "Radnetter,G"]
[Result "1-0"]
[WhiteElo "2536"]
[BlackElo "2257"]

1.d4 Nf6 2.c4 e6 3.Nf3 Bb4+ 4.Bd2 c5 5.Bxb4 cxb4 6.g3 O-O 7.Bg2 d6 8.O-O Nc6
9.a3 bxa3 10.Nxa3 Qb6 11.Nb5 Ne7 12.Qc2 a6 13.e4 Nd7 14.Nc3 Rb8 15.Rac1 Qa7
16.Qa4 Nc6 17.Rfd1 b5 18.cxb5 axb5 19.Qxa7 Nxa7 20.b4 Bb7 21.d5 exd5 22.exd5 g6
23.Nd4 Nf6 24.Ra1 Ra8 25.Nc6 Nxd5 26.Ne7+ Nxe7 27.Bxb7 Rac8 28.Bxc8 Nexc8
29.Ra5  1-0

[Event "XIII Open"]
[Site "Torredembarra ESP"]
[Date "2011.07.10"]
[Round "9"]
[White "Becking,S"]
[Black "Oms Pallisse,J"]
[Result "1/2-1/2"]
[WhiteElo "2415"]
[BlackElo "2489"]

1.Nf3 Nf6 2.c4 e6 3.d4 Bb4+ 4.Bd2 Qe7 5.Nc3 O-O 6.g3 Bxc3 7.Bxc3 Ne4 8.Qd3 Nxc3
9.Qxc3 d6 10.Bg2 Nc6 11.d5 Nd8 12.O-O e5 13.e4 c5 14.Nd2 Bd7 15.f4 f6 16.Rf2 Nf7
17.Qd3 Qd8 18.Qf1 Qc8 19.h3 a6 20.Rc1 Rb8 21.Kh2 Qd8 22.b3 Qe7 23.Bf3 b5
24.Qd1 Nh6 25.f5 g6 26.g4 b4 27.Nf1 a5 28.Qd2 Nf7 29.Re1 a4 30.Bd1 Ra8 31.Ng3 axb3
32.Bxb3 g5 33.Nh5 Ra3 34.Re3 Rfa8 35.Rg2 Be8 36.Qf2 Kf8 37.Ng3 Nd8 38.Nf1 Ba4
39.h4 Nf7 40.Nd2 Bxb3 41.axb3 Ra2 42.hxg5 Nxg5 43.Qh4 Qg7 44.Nf3 Rxg2+ 45.Kxg2 Ra2+
46.Kg3 Rc2 47.Nxg5 Qxg5 48.Qxg5 fxg5 49.Kf3 Kg7 50.Kg3 Kf6 51.Kh3 Rc3 52.Rg3 Rc2
53.Re3 Rc3 54.Rg3 Rc1 55.Re3 Rh1+ 56.Kg2 Rh4 57.Kg3 h5 58.gxh5 Rxh5 59.Kg4 Rh4+
60.Kg3 Rh1 61.Kg2 Rh4 62.Kg3 Rf4 63.Kh3 Rf1 64.Kg2 Rf4 65.Kh3 Kg7 66.Kg2 Kf6
67.Kh3 Rh4+ 68.Kg3 Rf4 69.Kh3 Rh4+  1/2-1/2

[Event "111th ch-SUI"]
[Site "Leukerbad SUI"]
[Date "2011.07.11"]
[Round "5"]
[White "Korchnoi,V"]
[Black "Sokolov,And1"]
[Result "1/2-1/2"]
[WhiteElo "2553"]
[BlackElo "2579"]

1.d4 Nf6 2.c4 e6 3.Nf3 Bb4+ 4.Bd2 c5 5.a3 Bxd2+ 6.Qxd2 cxd4 7.Nxd4 O-O 8.Nc3 d5
9.cxd5 Nxd5 10.Rd1 Nxc3 11.Qxc3 Qb6 12.e3 Bd7 13.Bc4 Rc8 14.O-O Qc5 15.Rc1 Nc6
16.b4 Qe7 17.Bb3 Be8 18.Qb2 a5 19.b5 a4 20.bxc6  1/2-1/2

[Event "Myrhorod Open A"]
[Site "Myrhorod UKR"]
[Date "2011.07.11"]
[Round "5.6"]
[White "Morozova,J"]
[Black "Melnichuk,M"]
[Result "0-1"]
[WhiteElo "2109"]
[BlackElo "2315"]

1.d4 Nf6 2.c4 e6 3.Nf3 Bb4+ 4.Bd2 Qe7 5.e3 Bxd2+ 6.Qxd2 d6 7.Nc3 O-O 8.Be2 e5
9.Qc2 c6 10.h4 Bg4 11.c5 Bxf3 12.cxd6 Qe6 13.Bxf3 exd4 14.Ne4 dxe3 15.Nxf6+ Qxf6
16.O-O-O exf2 17.Qxf2 Nd7 18.Rhe1 Nb6 19.Qd4 Qxd4 20.Rxd4 Rfd8 21.Re7 Rab8
22.a4 Nc8 23.Re3 Kf8 24.Red3 Nb6 25.a5 Nd7 26.Re3 Re8 27.Rxe8+ Rxe8 28.a6 bxa6
29.Kd2 Ne5 30.Kc3 Rb8 31.Be2 Ke8 32.Bxa6 Kd7 33.g3 f5 34.b4 Rf8 35.Rd1 Rf6
36.Be2 Rxd6 37.Ra1 Rg6 38.Kd4 Kd6 39.Rxa7 Rxg3 40.Ra8 Rg2 41.Ba6 Rg4+ 42.Ke3 Rxh4  0-1

[Event "Lev Polugaevsky Mem"]
[Site "Samara RUS"]
[Date "2011.07.11"]
[Round "7"]
[White "Baraeva,M"]
[Black "Pogonina,N"]
[Result "0-1"]
[WhiteElo "2197"]
[BlackElo "2442"]

1.d4 Nf6 2.c4 e6 3.Nf3 Bb4+ 4.Bd2 Be7 5.g3 d5 6.Bg2 O-O 7.Nc3 c6 8.cxd5 cxd5
9.O-O b6 10.Rc1 Bb7 11.Ne5 Nfd7 12.f4 Nxe5 13.fxe5 Nc6 14.Be3 Rc8 15.Qd2 Ba6
16.Rfd1 Na5 17.Rc2 Nc4 18.Qc1 b5 19.a3 Qa5 20.Bd2 Nxd2 21.Qxd2 b4 22.axb4 Bxb4
23.Qe3 Rc7 24.Rdc1 Rfc8 25.Bf1 h6 26.Qf3 Bc4 27.Nb1 Ba2 28.Rxc7 Rxc7 29.Rxc7 Qxc7
30.Nc3 Bxc3 31.bxc3 a5 32.Qd3 Bc4 33.Qb1 a4 34.Qb4 Qa7 35.Qa3 Qa6 36.Bh3 Bxe2
37.Kf2 Qd3 38.Qb2 Qf3+ 39.Ke1 Bc4 40.Qb8+ Kh7 41.Kd2 Qe2+ 42.Kc1 Bb3  0-1

[Event "XX Adolf Anderssen Memorial Open"]
[Site "Wroclaw POL"]
[Date "2011.07.11"]
[Round "9"]
[White "Stachowiak,K"]
[Black "Voloshin,L"]
[Result "1/2-1/2"]
[WhiteElo "2436"]
[BlackElo "2411"]

1.d4 Nf6 2.Nf3 e6 3.c4 Bb4+ 4.Bd2 Qe7 5.g3 b6 6.Bg2 Bb7 7.O-O Bxd2 8.Qxd2 O-O
9.Nc3 Ne4 10.Qc2 Nxc3 11.Qxc3 Be4 12.a3 d6 13.b4 Nd7 14.Rac1 a5 15.b5 f5
16.Ne1 Bxg2 17.Kxg2 e5 18.e3 Rae8 19.Nd3 e4 20.Nf4 Qf7 21.Nd5 Rc8 22.a4 Kh8
23.f3 exf3+ 24.Rxf3 Qe6 25.Rcf1 g6 26.Nf4 Qe7 27.Nd5 Qe6 28.Kg1 Kg8 29.Qd3 Nf6
30.Nxf6+ Rxf6 31.c5 Qd5 32.Qc3 Rff8 33.Rf4 Rfe8 34.Rc1 Qe6 35.Kf2 d5 36.Qb3 Kg7
37.Rc3 Rcd8 38.Qa3 Qf7 39.Kg1 Re6 40.Rf2 Rde8 41.cxb6 cxb6 42.Qc1 R8e7 43.Re2 Re4
44.Rc6 R4e6 45.Kf2 h6 46.Rec2 g5 47.Rxe6 Rxe6 48.Rc7 Re7 49.Rxe7 Qxe7 50.Qc6 Qe4
51.Qc7+ Kg8 52.h3 Kh8 53.Qc8+  1/2-1/2

[Event "ch-Central Serbia Int Open A"]
[Site "Paracin SRB"]
[Date "2011.07.14"]
[Round "8.27"]
[White "Kislik,E"]
[Black "Majeric,Z"]
[Result "1/2-1/2"]
[WhiteElo "2328"]
[BlackElo "2278"]

1.d4 Nf6 2.c4 e6 3.Nf3 Bb4+ 4.Bd2 Qe7 5.g3 O-O 6.Bg2 Ne4 7.a3 Nxd2 8.Nbxd2 Bxd2+
9.Qxd2 d6 10.O-O e5 11.e4 Bg4 12.d5 Bxf3 13.Bxf3 Nd7 14.b4 g6 15.a4 a5 16.bxa5 Nc5
17.Rfb1 f5 18.exf5 gxf5 19.Rb5 e4 20.Bg2 Rab8  1/2-1/2

[Event "10th Bergamo Open"]
[Site "Bergamo ITA"]
[Date "2011.07.15"]
[Round "1.3"]
[White "Epishin,V"]
[Black "Herbold,M"]
[Result "1-0"]
[WhiteElo "2553"]
[BlackElo "2143"]

1.d4 Nf6 2.Nf3 e6 3.c4 Bb4+ 4.Bd2 Qe7 5.g3 Nc6 6.Nc3 Bxc3 7.Bxc3 Ne4 8.Rc1 O-O
9.Bg2 d6 10.d5 Nxc3 11.Rxc3 Nb8 12.dxe6 fxe6 13.Nd4 e5 14.Nc2 a5 15.O-O Na6
16.Ra3 Nc5 17.b4 Ne6 18.Rxa5 Rxa5 19.bxa5 Nc5 20.Na1 c6 21.Nb3 Na6 22.Qc2 Be6
23.Qc3 Qc7 24.Rd1 Qf7 25.Qe3 Bxc4 26.Rxd6 Nb4 27.Bf3 Bd5 28.Nc5 Nc2 29.Bxd5 cxd5
30.Qf3 Qxf3 31.exf3 Rxf3 32.Nxb7 e4 33.Rc6 Nb4 34.Rb6 Nxa2 35.a6 Ra3 36.Nd6 h5
37.Nb5 Kh8  1-0

[Event "St Pauli Open"]
[Site "Hamburg GER"]
[Date "2011.07.15"]
[Round "8.11"]
[White "Stigar,P"]
[Black "Borgmeyer,M"]
[Result "1/2-1/2"]
[WhiteElo "2298"]
[BlackElo "2140"]

1.d4 Nf6 2.c4 e6 3.Nf3 Bb4+ 4.Bd2 Qe7 5.g3 O-O 6.Bg2 Bxd2+ 7.Qxd2 d6 8.Nc3 e5
9.O-O c6 10.dxe5 dxe5 11.Rfd1 Bg4 12.Qd6 Qxd6 13.Rxd6 Bxf3 14.Bxf3 Na6 15.Rad1 Nc7
16.b4 Ne6 17.e3 Rfd8 18.b5 Rxd6 19.Rxd6 Rd8 20.Rxd8+  1/2-1/2

[Event "111th ch-SUI"]
[Site "Leukerbad SUI"]
[Date "2011.07.15"]
[Round "9"]
[White "Grandadam,N"]
[Black "Sher,M"]
[Result "1/2-1/2"]
[WhiteElo "2314"]
[BlackElo "2421"]

1.d4 e6 2.c4 Nf6 3.Nf3 Bb4+ 4.Bd2 Qe7 5.g3 Nc6 6.Nc3 Bxc3 7.Bxc3 Ne4 8.Rc1 a5
9.Bg2 d6 10.d5 Nxc3 11.Rxc3 Nb8 12.dxe6 fxe6 13.O-O O-O 14.Nd2 Nd7 15.Ne4 Rb8
16.a3 b6 17.b4 axb4 18.axb4 Bb7 19.Qd3 Nf6 20.Nxf6+ Qxf6 21.Bxb7 Rxb7 22.Ra3 Rbb8
23.Ra7 Rf7 24.Qe4 Rbf8 25.Ra8 g6 26.Rxf8+ Kxf8 27.f3 Kg7 28.Kg2 Qf5 29.Qd4+ Qf6
30.Qe4 Qf5  1/2-1/2

[Event "Nana Aleksandria Cup"]
[Site "Poti GEO"]
[Date "2011.07.16"]
[Round "6"]
[White "Siradze,S"]
[Black "Purtseladze,M"]
[Result "0-1"]
[WhiteElo "2031"]
[BlackElo "2364"]

1.d4 Nf6 2.Nf3 e6 3.c4 Bb4+ 4.Bd2 a5 5.Nc3 d5 6.cxd5 exd5 7.Bg5 c6 8.e3 a4
9.a3 Bxc3+ 10.bxc3 Qa5 11.Qc2 Ne4 12.Rc1 Bf5 13.Bd3 Bg6 14.O-O Nd7 15.Bf4 b5
16.Nh4 Nef6 17.Nxg6 hxg6 18.Bd6 Nb6 19.e4 dxe4 20.Bxe4 O-O-O 21.Be7 Nc4 22.Bxf6 gxf6
23.Bd3 Qc7 24.h3 Na5 25.c4 Nb3 26.cxb5 Rxd4 27.Qb2 c5 28.Bc4 Nxc1 29.b6 Qf4
30.Ba6+ Kb8 31.Qb5 Nb3 32.Re1 Qd6 33.Re8+ Rxe8 34.Qxe8+ Qd8 35.Qxf7 Qxb6
36.Qe8+ Rd8  0-1

[Event "2nd Girona Open"]
[Site "Girona ESP"]
[Date "2011.07.17"]
[Round "4"]
[White "Caballero Maytin,J"]
[Black "Gimenez Aguirre,Ismael Alejo"]
[Result "0-1"]
[WhiteElo "2070"]
[BlackElo "1712"]

1.d4 Nf6 2.c4 e6 3.Nf3 Bb4+ 4.Bd2 Bxd2+ 5.Nbxd2 O-O 6.e4 d6 7.Bd3 Nbd7 8.O-O e5
9.Rc1 Re8 10.d5 Nc5 11.Ne1 a5 12.h3 Qe7 13.Qe2 Bd7 14.Bb1 b6 15.Nd3 Nxd3
16.Bxd3 Rac8 17.f4 exf4 18.Rxf4 Qe5 19.Rf2 Qxb2 20.Rcf1 Rcd8 21.Qe3 Qe5 22.Nf3 Qe7
23.Nd2 Kh8 24.g4 Bc8 25.Qg5 Nd7 26.Qh5 Ne5 27.Bb1 Ba6 28.Nf3 Nxf3+ 29.Rxf3 g6
30.Qh6 Bxc4 31.R1f2 Kg8 32.Qc1 b5 33.Qc3 a4 34.a3 Qe5 35.Qxe5 Rxe5 36.Bc2 Re7
37.Rc3 Ra8 38.Rd2 Kg7 39.Kf2 Re5 40.Kf3 Ra7 41.Ke3 h5 42.Kf4 hxg4 43.hxg4 Re8
44.Rh2 Rh8 45.Rf2 Rh7 46.Kg5 Ra6 47.Rcf3 Kg8 48.Rg3 Kf8 49.Bd3 Bxd3 50.Rxd3 Ke7
51.Rb2  0-1

[Event "ch-PHI w"]
[Site "Manila PHI"]
[Date "2011.07.17"]
[Round "3"]
[White "Jose,Ru"]
[Black "Shania,Mae Mendoza"]
[Result "1/2-1/2"]
[WhiteElo "2024"]
[BlackElo "1788"]

1.d4 Nf6 2.c4 e6 3.Nf3 Bb4+ 4.Bd2 Qe7 5.a3 Bxd2+ 6.Qxd2 d6 7.Nc3 Nc6 8.e4 e5
9.d5 Nb8 10.Be2 O-O 11.h3 Nbd7 12.g4 c5 13.O-O-O a5 14.Rdg1 Nb6 15.Ne1 Kh8
16.h4 Bd7 17.g5 Ne8 18.Rg3 f5 19.gxf6 Nxf6 20.Nf3 Nh5 21.Rg5 Nf4 22.Rg3 Nh5
23.Rg5 Nf4 24.Rhg1 Rf7 25.R5g3 Nh5 26.Ng5 Nxg3 27.Nxf7+ Qxf7 28.fxg3 Qf2
29.Qd1 Bh3 30.Kb1 Rf8 31.h5 Bg2 32.Ka2 a4 33.Qe1 Qxe1 34.Rxe1 Kg8 35.b3 axb3+
36.Kxb3 Bf3 37.Rf1 Bxe2 38.Rxf8+ Kxf8 39.Nxe2 Nd7 40.Ka4 Ke7 41.Kb5 Kf6 42.a4 Kg5
43.a5 Kf6 44.g4 g6 45.hxg6 hxg6 46.g5+ Ke7 47.Ng1 Kd8 48.Nf3 Ke7  1/2-1/2